[Event "13th Agzamov Memorial 2019"]
[Site "Tashkent"]
[Date "2019.03.13"]
[Round "2.10"]
[White "Mirzoev, Azer"]
[Black "Danielyan, Vahe"]
[Result "1/2-1/2"]
[WhiteElo "2477"]
[BlackElo "2246"]
[Annotator "TA"]
[PlyCount "84"]
[EventDate "2019.03.12"]
[EventType "swiss"]
[EventCountry "UZB"]
[SourceTitle "playchess.com"]
[Source "ChessBase"]
[SourceQuality "1"]

{[%evp 18,84,14,20,28,34,32,31,32,30,28,22,35,10,0,6,41,-11,-18,-11,-9,-43,-37,-29,-33,-44,-55,-54,0,0,0,0,0,-8,0,0,0,0,1,0,0,0,0,0,0,0,0,0,0,0,0,0,0,0,0,0,33,33,33,32,32,33,37,-42,-47,-54,-28,-32,0]} 1. d4 Nf6 2. Nf3 b6 3. c4 e6 4. Nc3 Bb4 5. Qc2 Bb7 6. a3 Bxc3+ 7. Qxc3 Ne4 8. Qc2 f5 9. g3 O-O 10. Bg2 Qf6 {E32: Nimzo-Indian: Classical (4 Qc2): 4...0-0} (10... Nf6 11. b4 Be4 12. Qd2 d6 13. O-O Qe8 14. Bb2 Nbd7 15. Rfd1 h6 16. Rac1 a5 17. b5 Qh5 18. a4 Bb7 {1-0 (54) Zhou,W (2542)-Lysyj,I (2620) Moscow 2009}) 11. O-O a5 12. b3 d6 {White is slightly better.} 13. Rd1 $146 ({Predecessor:} 13. Ng5 Qg6 14. Nxe4 Bxe4 15. Bxe4 fxe4 16. f3 Nd7 17. Qxe4 Qxe4 18. fxe4 Rxf1+ 19. Kxf1 {½-½ (44) Huss,A (2382)-Klauser,M (2384) Bern 2014}) 13... Nd7 14. Bb2 Qh6 15. d5 Ndf6 16. Bxf6 Qxf6 17. Rac1 (17. Nd4 $1 $14) 17... e5 $11 18. e3 Bc8 19. Qb2 Bd7 20. Ne1 h5 21. f3 Nc5 22. b4 Nb7 (22... Na4 $15 23. Qd2 f4) 23. f4 e4 24. Rd2 Kf7 25. Bf1 Qxb2 26. Rxb2 axb4 27. axb4 Ra4 28. Nc2 Rfa8 29. Nd4 Ke7 30. Rcc2 Ra1 31. Kf2 g6 32. Be2 Ba4 33. Rd2 Bd7 34. Bd1 R8a7 35. Bb3 Rh1 36. Kg2 Rc1 (36... Raa1 {feels hotter.} 37. Ra2 Rhg1+ 38. Kh3 Nd8 39. Kh4 Nf7) 37. Ra2 $36 {[%mdl 2048] Black is under pressure.} Ra1 $1 38. Rxa7 Rxa7 39. Kf2 Ra3 40. Ke2 ({White should try} 40. Ra2 $14 Rxa2+ 41. Bxa2) 40... Nc5 $1 $15 {[%cal Rc5b3]} 41. bxc5 bxc5 42. Ra2 Rxa2+ {Accuracy: White = 59%, Black = 83%.} 1/2-1/2

[Event "13th Agzamov Memorial 2019"]
[Site "Tashkent"]
[Date "2019.03.13"]
[Round "2.11"]
[White "Ansat, Aldiyar"]
[Black "Kazakovskiy, Valeriy"]
[Result "1/2-1/2"]
[WhiteElo "2001"]
[BlackElo "2456"]
[Annotator "TA"]
[PlyCount "104"]
[EventDate "2019.03.12"]
[EventType "swiss"]
[EventCountry "UZB"]
[SourceTitle "playchess.com"]
[Source "ChessBase"]
[SourceQuality "1"]

{[%evp 18,104,33,18,35,29,17,25,18,0,0,1,3,-12,-16,-61,-49,-58,-57,-52,-43,-57,-28,-33,-26,-67,-15,-17,-11,-61,-65,-125,-133,-145,-43,-43,-43,-97,-105,-94,-77,-91,-72,-193,-193,-200,-187,-211,-200,-183,-173,-205,-175,-308,-306,-270,-258,-232,-232,-216,-194,-204,-220,-420,-426,-429,-415,-336,-316,-295,-8,-8,-8,-8,-8,-8,-8,-8,-8,-8,-8,-8,-8,-8,-8,-8,-8,-8,-8]} 1. e4 e5 2. Nf3 Nc6 3. Bb5 a6 4. Ba4 Nf6 5. O-O Be7 6. Re1 b5 7. Bb3 O-O 8. a4 Bb7 9. d3 d6 10. Nbd2 {[%cal Bb1d2,Bd2f1,Bf1g3,Bg3f5][%mdl 32]} Nb8 {[%cal Bc6b8,Bb8d7,Bd7c5,Bc5b3][%mdl 32] C88: Closed Ruy Lopez: Anti-Marshall Systems} (10... Qd7 11. Nf1 Nd8 12. Ng3 Ne6 13. Nf5 Bd8 14. Ng5 Nxg5 15. Bxg5 g6 16. Ne3 Ng4 17. Bxd8 Nxe3 18. Rxe3 Raxd8 19. axb5 axb5 {½-½ (29) Svidler,P (2760)-Efimenko,Z (2636) Germany 2018}) 11. Nf1 Nbd7 12. c3 Nc5 {White has an edge.} 13. axb5 Nxb3 14. Qxb3 axb5 15. Rxa8 Qxa8 16. Ng3 Qa4 17. Qxa4 bxa4 18. Nf5 Bd8 $1 19. Bg5 $146 h6 20. Be3 Kh7 21. h3 Ng8 (21... Nd7 $15) 22. Ng3 g6 23. Nd2 f5 {Threatens to win with ...f4.} 24. exf5 (24. Ne2 $15) 24... gxf5 $17 25. f4 exf4 ({Don't play} 25... Bh4 $6 26. Bf2 $11) (25... Ne7 $1 $17 {Hoping for ...Rg8.} 26. Bf2 Ng6 27. fxe5 Nxe5) 26. Bxf4 $15 Ne7 27. Rf1 ({White should try} 27. Ra1 $15) 27... Ng6 $17 28. Nc4 Bh4 $36 {[%mdl 2048] Black has strong initiative.} 29. Nh5 Re8 30. Bg3 (30. Bxd6 $17 cxd6 31. Nxd6) 30... Re2 $19 31. Rf2 Rxf2 32. Bxf2 Bg5 33. Be3 f4 34. Bd2 {[#]} Ba6 $1 35. h4 (35. Na3 $142) 35... Nxh4 ({Weaker is} 35... Bxh4 36. Nxf4 Ne5 37. Nxe5 $17) 36. Bxf4 Kg6 37. Bxg5 hxg5 38. Ng3 Bxc4 $1 39. dxc4 {[%mdl 4096] Endgame [#] KN-KN} Kf6 $1 40. Ne4+ $2 (40. c5 d5 41. Kf2) 40... Kf5 41. Nd2 Ng6 42. c5 {intending cxd6.} d5 (42... dxc5 $2 43. Kf2 $19) 43. b4 axb3 $2 (43... c6 $19 44. c4 Ke6) 44. Nxb3 $11 {The position is equal.} Ke4 45. Nd4 Kd3 {next ...Ne5 is good for Black.} 46. c6 Ne5 ({But not} 46... Kxc3 47. Nb5+ Kc2 48. Kf2 $17) 47. Nb5 Nxc6 {aiming for ...Ne7.} 48. Nxc7 Ne7 49. Kf2 Kxc3 {Strongly threatening ...d4.} 50. Kf3 d4 {...d3 is the strong threat.} 51. Nb5+ Kc4 52. Nxd4 Kxd4 {Accuracy: White = 50%, Black = 64%.} 1/2-1/2

[Event "13th Agzamov Memorial 2019"]
[Site "Tashkent"]
[Date "2019.03.13"]
[Round "2.12"]
[White "Urazayev, Arystanbek"]
[Black "Jumanov, Elbek"]
[Result "1-0"]
[WhiteElo "2450"]
[BlackElo "2207"]
[Annotator "TA"]
[PlyCount "61"]
[EventDate "2019.03.12"]
[EventType "swiss"]
[EventCountry "UZB"]
[SourceTitle "playchess.com"]
[Source "ChessBase"]
[SourceQuality "1"]

{[%evp 14,61,45,42,64,44,55,49,68,56,99,98,97,29,52,0,0,-49,-43,-67,-47,-58,-65,-49,-66,-112,-128,-127,-120,-117,-119,-119,225,231,210,240,231,233,546,575,570,565,1550,1161,1419,1304,29992,29993,29993,29994]} 1. e4 c5 2. Nf3 e6 3. d4 cxd4 4. Nxd4 Nf6 5. Nc3 d6 6. g4 h6 7. h4 a6 8. Rg1 h5 {B81: Sicilian Scheveningen: Keres Attack} (8... d5 9. exd5 Nxd5 10. Nxd5 Qxd5 11. Be3 Be7 12. Qd2 Bxh4 13. Qc3 Nd7 14. O-O-O Qc5 15. Qb3 Qa5 16. Bg2 O-O 17. Rh1 Nc5 {1-0 (39) Harikrishna,P (2737)-Kempinski,R (2637) Germany 2016}) 9. gxh5 Nxh5 10. Bg5 Nf6 {White is slightly better.} 11. Qd2 b5 {[%cal Bb7b5,Bb5b4][%mdl 32]} 12. Bg2 Bb7 13. a4 $146 (13. O-O-O $16) ({Predecessor:} 13. O-O-O Nbd7 14. f4 Qc7 15. Rge1 Be7 16. e5 {1-0 (41) Volkov,R (2165)-Kovalenko,K (1879) St Petersburg 2017}) 13... b4 14. Nce2 ({White should try} 14. Nd5 $1 $14) 14... Nbd7 $11 15. O-O-O Qa5 16. b3 Bxe4 17. Bxe4 Nxe4 18. Qe3 $1 {Strongly threatening Nxe6.} Ndc5 $1 (18... Nxg5 19. hxg5 Nc5 20. g6 $11) 19. f3 Nxg5 20. hxg5 g6 $1 21. f4 Rc8 22. Kb1 Bg7 $2 {[%mdl 8192] [#]} (22... Kd7 $17 {aiming for ...Qc7.} 23. Rh1 Bg7 24. Rxh8 Rxh8) 23. f5 $1 $18 Be5 (23... gxf5 $6 24. Nxf5 Be5 25. Nxd6+ Bxd6 26. Rxd6) 24. fxg6 fxg6 25. Nf4 {[%cal Be2f4,Bf4g6,Bg6e5][%mdl 32]} Nxa4 $2 (25... Bxf4 {is more resistant.} 26. Qxf4 Qc7) 26. bxa4 Qxa4 {Hoping for ...Rxc2!} 27. Qe4 ({Stronger than} 27. Nxg6 {[#]} Rxc2 $1 {[%mdl 512]} 28. Qb3 (28. Nxc2 $2 {perishes.} b3 $19) 28... Qxb3+ 29. Nxb3 Rb2+ 30. Kc1 Rhh2 $17) 27... Kd7 28. Nxg6 {[%mdl 64] Double Attack} Bxd4 29. Rxd4 {White threatens Qb7+ and mate.} ({Weaker is} 29. Qxd4 Qxc2+ 30. Ka1 Qa4+ 31. Kb1 Qc2+ 32. Ka1 Qa4+ 33. Kb1 Qc2+ $11) 29... Rh2 30. Qb7+ {[%mdl 64] Double Attack} Rc7 31. Ne5+ {Accuracy: White = 60%, Black = 32%.} 1-0

[Event "13th Agzamov Memorial 2019"]
[Site "Tashkent"]
[Date "2019.03.13"]
[Round "3.1"]
[White "Grigoryan, Karen H."]
[Black "Urazayev, Arystanbek"]
[Result "1/2-1/2"]
[WhiteElo "2571"]
[BlackElo "2450"]
[Annotator "TA"]
[PlyCount "128"]
[EventDate "2019.03.12"]
[EventType "swiss"]
[EventCountry "UZB"]
[SourceTitle "playchess.com"]
[Source "ChessBase"]
[SourceQuality "1"]

{[%evp 20,128,12,11,24,37,95,-7,42,30,19,13,34,34,29,0,39,48,104,107,109,101,104,108,87,82,127,70,71,67,104,103,104,101,93,93,100,91,97,43,46,0,46,49,98,93,130,69,147,0,136,72,70,78,129,129,229,227,174,174,224,175,239,212,240,240,200,156,332,149,196,174,335,341,300,265,439,334,422,293,433,424,2510,2687,1154,1931,1228,1185,1159,464,350,0,0,0,0,0,0,0,0,0,0,0,0,0,0,0,0,0,0,0,0]} 1. d4 Nf6 2. c4 e6 3. Nc3 Bb4 4. f3 d5 5. a3 Bxc3+ 6. bxc3 c5 7. cxd5 Nxd5 8. dxc5 Qa5 9. e4 Ne7 10. Be3 O-O 11. Qb3 Nbc6 {E25: Nimzo-Indian: Sämisch: 5...c5 6 f3 d5 7 cxd5} (11... Qc7 12. Bb5 Nec6 13. Ne2 Na5 14. Qb4 e5 15. Nd4 exd4 16. cxd4 b6 17. Rc1 Bd7 18. d5 Bxb5 19. cxb6 Qd7 20. Qxa5 axb6 21. Qxb6 Rxa3 {0-1 (53) Kravtsiv,M (2654)-Jakovenko,D (2749) Ankara 2018}) 12. Nh3 f5 $146 (12... e5 $14) ({Predecessor:} 12... e5 13. Kf2 Be6 14. Bc4 Bxc4 15. Qxc4 h6 16. g4 g5 17. Rhd1 Qa6 18. Qa2 Kg7 19. Rd6 {1-0 (60) Barrionuevo,P (2327)-Contin,D (2309) Lanus 2010}) 13. Ng5 (13. Be2 $16) 13... Kh8 14. Bc4 h6 15. Nxe6 Bxe6 16. Bxe6 fxe4 17. fxe4 Rad8 {And now ...Rd3 would win.} (17... b6 $5) 18. Rf1 Rxf1+ (18... Qc7 $14) 19. Kxf1 $16 Rd3 20. Bf2 Rxc3 21. Qxb7 Rxa3 22. Rb1 Qd2 {aiming for ...Qd3+.} 23. Qb2 (23. Kg1 $16) 23... Qd3+ $14 24. Kg1 Rc3 25. Rf1 Rc2 26. Qb1 Nd4 27. Bg4 $1 Ne2+ 28. Bxe2 Qxe2 29. Qb7 ({White should play} 29. Qb8+ $1 $16 Ng8 30. Qf4) 29... Ng8 30. Qxa7 {Black must now prevent Qb7.} Qxe4 31. Qb8 Qd5 32. h3 Qe4 33. Qb1 (33. Re1 $16 Qf5 34. Qg3) 33... Qc4 (33... Qe2 $1 $14) 34. Qb8 Qe4 35. Qf8 (35. Re1 $142 Qd5 36. Qf4) 35... Kh7 $16 36. Re1 $36 {[%mdl 2048] Keeping Black busy.} Qd5 {[#]} ({Better is} 36... Qd3) 37. Qf4 $1 Nf6 {[#]} (37... Rc4 $16 {was worth a try.} 38. Qg3 Rc2) 38. Rc1 $1 $18 Rxc1+ 39. Qxc1 {Strongly threatening c6.} Qc6 40. Bd4 Nd5 (40... Ne4 $142 41. Qc4 Kg6) 41. Be5 Qe6 42. Qb1+ Kg8 43. Qa1 Qc6 $2 (43... g5 $16 44. Qd4 (44. Qa8+ Kf7 $18) 44... Kf7 45. Qf2+ Ke8) 44. Qd4 ({Less strong is} 44. Bxg7 Nf4 $16) (44. Qa7 $18 {[%csl Ge5][%cal Ra7g7] is the precise move to win.} Nf6 45. Qe7) 44... Ne7 45. Bd6 Nd5 $2 (45... Nc8 {keeps fighting.} 46. Qc4+ Kh7) 46. Qe4 Kf7 47. h4 Qa8 $2 (47... Kg8 {might work better.} 48. g4 Qa8) 48. Kh2 Kg8 49. Be5 Qc6 (49... Qb7 $142 50. Qd4 Nb4 51. Bxg7 Qxg7 52. Qxb4 Qe5+ 53. Kh3 Kf8 54. c6+ Ke8) 50. Qg4 {[%csl Ge5][%cal Rg4g7]} Nf6 (50... Qb7 $142 51. c6 Qe7) 51. Bxf6 Qxf6 {[%mdl 4096] Endgame KQ-KQ} 52. Qc4+ Kf8 53. c6 Qd6+ 54. g3 (54. Kh3 $142) 54... Qc7 55. Qf4+ $2 (55. Kh3 $18 Ke7 56. Qc5+ Ke6 57. Kg4) 55... Qxf4 $11 {The position is equal.} 56. gxf4 {K3P-KPP} Ke7 57. Kg3 h5 $1 58. f5 Kd6 59. Kf4 {Intending Kg5 and mate.} (59. c7 $5 Kxc7 60. Kf4 $11) 59... Kxc6 60. Kg5 {Threatening mate with Kg6.} Kd6 $1 61. Kxh5 {Kg6 would kill now.} Ke7 $1 62. Kg6 Kf8 63. Kh7 Kf7 64. h5 Kf8 $1 {Accuracy: White = 44%, Black = 35%.} 1/2-1/2

[Event "13th Agzamov Memorial 2019"]
[Site "Tashkent"]
[Date "2019.03.13"]
[Round "3.1"]
[White "Grigoryan, Karen H."]
[Black "Urazayev, Arystanbek"]
[Result "*"]
[WhiteElo "2571"]
[BlackElo "2450"]
[Annotator "TA"]
[PlyCount "42"]
[EventDate "2019.03.12"]
[EventType "swiss"]
[EventCountry "UZB"]
[SourceTitle "playchess.com"]
[Source "ChessBase"]
[SourceQuality "1"]

{[%evp 17,18,10,27]} 1. d4 Nf6 2. c4 e6 3. Nc3 Bb4 4. f3 d5 5. a3 Bxc3+ 6. bxc3 c5 7. cxd5 Nxd5 8. dxc5 Qa5 9. e4 Ne7 {Predecessor:} 10. Be3 $146 O-O 11. Qb3 Qc7 12. Bb5 Nec6 13. Ne2 Na5 14. Qb4 e5 15. Nd4 exd4 16. cxd4 b6 17. Rc1 Bd7 18. d5 Bxb5 19. cxb6 Qd7 20. Qxa5 axb6 21. Qxb6 Rxa3 {0-1 (53) Kravtsiv,M (2654)-Jakovenko,D (2749) Ankara 2018} *

[Event "13th Agzamov Memorial 2019"]
[Site "Tashkent"]
[Date "2019.03.13"]
[Round "3.2"]
[White "Ivanov, Sergey"]
[Black "Yakubboev, Nodirbek"]
[Result "1/2-1/2"]
[WhiteElo "2509"]
[BlackElo "2569"]
[Annotator "TA"]
[PlyCount "71"]
[EventDate "2019.03.12"]
[EventType "swiss"]
[EventCountry "UZB"]
[SourceTitle "playchess.com"]
[Source "ChessBase"]
[SourceQuality "1"]

{[%evp 9,71,61,73,73,75,51,61,0,0,-5,-8,-21,-23,-66,-37,-73,-77,-71,-74,-70,-68,-71,26,11,0,0,0,0,0,0,0,0,0,0,0,0,0,0,0,0,0,-2,-2,-2,-2,-2,-2,-2,0,0,0,0,0,0,0,0,0,0,0,0,0,0,0,0]} 1. d4 d6 2. Nf3 g6 3. c4 Bg7 4. Nc3 c5 (4... c6 5. e4 Bg4 6. Be2 Nd7 7. O-O Ngf6 8. Be3 O-O 9. h3 Bxf3 10. Bxf3 a6 11. a3 Rc8 12. Be2 b5 13. Qd2 Nb6 14. b3 Nfd7 15. Rfd1 bxc4 16. bxc4 c5 17. dxc5 Nxc5 {½-½ (31) Jakovenko,D (2735)-Andreikin,D (2719) St Petersburg 2018}) 5. dxc5 Bxc3+ 6. bxc3 {A41: 1 d4 d6: Tartakower System and Modern Defence} dxc5 7. Qxd8+ Kxd8 8. Be3 (8. g3 $14) 8... b6 $11 9. g3 Bb7 10. Bh3 $146 ({Predecessor:} 10. Bg2 Nc6 11. Ne5 Nxe5 12. Bxb7 {0-1 (67) Domingos,C (2250)-Chavez,R (2220) Turin 2006}) 10... Ke8 11. O-O-O Nf6 12. Rd3 Be4 13. Rd2 h6 14. Bc8 Nc6 15. Bb7 Rd8 ({Better is} 15... Rb8 $17 16. Ba6 Ng4) 16. Rhd1 $1 $36 {[%mdl 2048] [#] Strongly threatening Bxc6+. Black is under pressure.} Rb8 {The position is equal.} 17. Bxc6+ Bxc6 18. Ne5 Ba4 19. Rd8+ $1 {[%mdl 64] [#] Decoy} Rxd8 20. Rxd8+ Kxd8 21. Nxf7+ {[%mdl 64] Double Attack} Ke8 22. Nxh8 {[%mdl 4096] Endgame KBN-KBN} g5 23. f3 Bd7 24. Ng6 Be6 (24... Bf5 $5 25. Ne5 $8 Nd7 26. Nxd7 Kxd7 $11) 25. Ne5 Nd7 26. Nxd7 Kxd7 {KB-KB} 27. Kd2 Bxc4 28. a3 e5 29. h4 gxh4 30. gxh4 h5 31. Bg5 Ke6 32. e4 Bb3 33. Ke3 b5 34. Bd8 Kd7 35. Bf6 Ke6 36. Bd8 {Accuracy: White = 69%, Black = 81%.} 1/2-1/2

[Event "13th Agzamov Memorial 2019"]
[Site "Tashkent"]
[Date "2019.03.13"]
[Round "3.3"]
[White "Vokhidov, Shamsiddin"]
[Black "Fedorov, Alexei"]
[Result "1/2-1/2"]
[WhiteElo "2494"]
[BlackElo "2552"]
[Annotator "TA"]
[PlyCount "71"]
[EventDate "2019.03.12"]
[EventType "swiss"]
[EventCountry "UZB"]
[SourceTitle "playchess.com"]
[Source "ChessBase"]
[SourceQuality "1"]

{[%evp 18,71,42,40,54,49,49,47,73,58,66,0,48,43,54,45,58,49,63,44,52,40,46,17,15,0,0,0,0,0,0,0,0,0,2,0,0,-9,0,0,-10,-30,-24,-19,0,0,0,0,0,0,0,0,0,0,0,0]} 1. e4 c5 2. Nf3 e6 {[%cal Be7e6,Be6e5][%mdl 32]} 3. d4 cxd4 4. Nxd4 a6 5. Bd3 Nf6 6. O-O e5 7. Nb3 {B42: Sicilian: Kan Variation: 5 Bd3} Be7 $146 (7... Nc6 8. c4 d6 9. Nc3 Be7 10. Nd5 Nxd5 11. cxd5 Nb8 12. Be3 O-O 13. Rc1 Nd7 14. Qd2 Nf6 {1-0 (55) Artemiev,V (2709)-Pantsulaia,L (2597) St Petersburg 2018}) ({Predecessor:} 7... Nc6 8. c4 a5 9. Be3 d6 10. f3 Be7 11. Nc3 O-O 12. Qd2 Nd7 13. Na4 b6 14. Rfd1 Nc5 {½-½ (48) Almagro Mazariegos,S (2306)-Ibarra Jerez,J (2535) Navalmoral 2012}) 8. c4 d6 9. Nc3 O-O 10. f3 {LiveBook: 5 Games} Nc6 11. Be3 Be6 12. Qd2 a5 13. Rac1 Nd7 14. Na4 ({White should play} 14. Be2 $14) 14... b6 15. Nc3 Nc5 16. Na1 h6 17. Rfd1 Ra7 18. Bf1 Rd7 19. Nc2 Bg5 20. Nb5 g6 21. Qe1 f5 22. exf5 gxf5 23. f4 Bxf4 24. Bxf4 exf4 25. Ncd4 Nxd4 26. Rxd4 Qg5 27. Rc3 Ne4 28. Rf3 d5 29. Qd1 {[%cal Rc4d5]} Rfd8 30. cxd5 $1 Rxd5 {The position is equal.} ({Inferior is} 30... Bxd5 {[#]} 31. Rxd5 $1 {[%mdl 512]} Rxd5 32. Bc4 $18) 31. Bc4 Rxd4 $1 32. Bxe6+ Kh8 33. Nxd4 Qf6 $1 34. Rd3 ({Avoid the trap} 34. Rxf4 $2 Rxd4 35. Qb3 Rd6 $19) 34... Nc5 $1 {[%csl LRd3,LRe6]} 35. Rd2 Ne4 36. Rd3 {Precision: White = 56%, Black = 58%.} 1/2-1/2

[Event "13th Agzamov Memorial 2019"]
[Site "Tashkent"]
[Date "2019.03.13"]
[Round "3.4"]
[White "Fier, Alexandr"]
[Black "Sitnikov, Anton"]
[Result "1-0"]
[WhiteElo "2551"]
[BlackElo "2409"]
[Annotator "TA"]
[PlyCount "46"]
[EventDate "2019.03.12"]
[EventType "swiss"]
[EventCountry "UZB"]
[SourceTitle "playchess.com"]
[Source "ChessBase"]
[SourceQuality "1"]

{[%evp 15,46,0,0,0,2,-2,12,0,0,1,0,-20,-3,-38,-12,-7,0,-30,0,0,0,0,35,12,27,0,60,69,83,93,113,122,118]} 1. Nf3 g6 2. g3 Bg7 3. Bg2 c5 4. c4 Nc6 5. Nc3 e5 6. O-O Nge7 7. a3 d6 8. b4 O-O 9. Rb1 {A37: Symmetrical English vs ...g6: 4 Bg2 Bg7 5 Nf3} f5 (9... Rb8 10. d3 h6 11. Nd2 b6 12. Qa4 Bd7 13. b5 Na5 14. Qc2 f5 15. Bb2 Kh7 16. e3 Qe8 17. Rbe1 Nb7 18. f4 Nd8 {1-0 (40) Bocharov,D (2583)-Tregubov,P (2575) Riadh 2017}) 10. Ne1 Be6 11. bxc5 {The position is equal.} dxc5 12. Rxb7 $146 ({Predecessor:} 12. Qa4 Qd7 13. d3 h6 14. Bb2 Rad8 15. Nc2 f4 16. Ba1 b6 {0-1 (30) Kabilov,A (2150)-Mueller,O (2272) Baku 2016}) 12... e4 {[#] aiming for ...Bxc3.} 13. Qa4 Rf7 14. Nd5 Nd4 15. Nc3 $1 Qc8 16. Rb1 (16. Rb2 {with more complications.} Bd7 17. Qd1 Ne6 18. Qc2 Nd4 19. Qd1) 16... Rb8 17. Rxb8 Qxb8 18. Nc2 Ndc6 (18... Qc8 $5 {[%cal Re6d7]} 19. Ne3 Nec6 $11) 19. Ne3 Ne5 20. Qb5 N7c6 (20... Qc8 $11) 21. d3 $14 ({Don't play} 21. Qxc5 $6 Nd4 $15) 21... Rb7 22. Qa4 Nd4 23. dxe4 Rb3 {Accuracy: White = 50%, Black = 39%.} 1-0

[Event "13th Agzamov Memorial 2019"]
[Site "Tashkent"]
[Date "2019.03.13"]
[Round "3.5"]
[White "Nigmatov, Ortik"]
[Black "Pourramezanali, Amirreza"]
[Result "*"]
[WhiteElo "2478"]
[BlackElo "2519"]
[Annotator "TA"]
[PlyCount "45"]
[EventDate "2019.03.12"]
[EventType "swiss"]
[EventCountry "UZB"]
[SourceTitle "playchess.com"]
[Source "ChessBase"]
[SourceQuality "1"]

{[%evp 20,45,50,57,52,21,41,33,35,0,0,0,0,0,0,-24,-12,-6,0,0,0,-2,11,-701,0,-294,-130,-276]} 1. Nf3 d5 2. e3 Nf6 3. c4 c6 4. Nc3 e6 5. b3 Bd6 6. Bb2 O-O 7. d4 Nbd7 8. Bd3 Qe7 9. Qc2 dxc4 10. bxc4 e5 11. O-O Re8 {[#] White must now prevent ...e4. D46: Semi-Slav: 5 e3 Nbd7 6 Bd3, Black avoids the Meran} 12. Bf5 $146 (12. Ne4 Nxe4 13. Bxe4 g6 14. c5 Bc7 15. Qc3 Nf6 16. Bc2 Nd5 17. Qd2 e4 18. Ne5 f6 19. Nc4 {½-½ (39) Gurevich,M (2694)-Kallai,G (2543) France 2001}) 12... exd4 13. exd4 Nf8 {White is slightly better.} 14. Rfe1 Bxf5 15. Qxf5 Qd7 16. Qxd7 N8xd7 {[%cal Bf8d7,Bd7b6,Bb6a4][%mdl 32]} 17. a3 Bc7 18. Nd2 Nb6 {White should prevent ...Bf4.} 19. g3 Rad8 20. Rxe8+ Rxe8 21. Re1 $2 {[%mdl 8192] [#]} (21. Rb1 $11) 21... Kf8 $2 (21... Rxe1+ $19 22. Kg2 Re8) 22. Nce4 $2 {[%mdl 8192]} (22. Rb1 $11) 22... Na4 (22... Nxe4 $19 23. Rxe4 Rxe4 24. Nxe4 Nxc4) 23. Ba1 {Accuracy: White = 18%, Black = 26%.} (23. Bc1 $17 {was the only chance.}) *

[Event "13th Agzamov Memorial 2019"]
[Site "Tashkent"]
[Date "2019.03.13"]
[Round "3.6"]
[White "Korneev, Oleg"]
[Black "Karimov, Ibragim"]
[Result "1/2-1/2"]
[WhiteElo "2559"]
[BlackElo "2242"]
[Annotator "TA"]
[PlyCount "105"]
[EventDate "2019.03.12"]
[EventType "swiss"]
[EventCountry "UZB"]
[SourceTitle "playchess.com"]
[Source "ChessBase"]
[SourceQuality "1"]

{[%evp 9,105,55,95,64,82,85,106,85,79,58,59,54,73,55,72,50,47,0,53,49,60,56,48,40,38,36,48,48,48,37,37,37,56,56,56,4,56,22,56,0,56,0,56,0,56,0,56,39,56,0,56,0,56,40,56,0,0,-7,-7,-17,0,0,0,0,0,0,0,0,0,0,0,0,0,0,0,0,0,0,0,0,0,0,0,0,0,0,0,0,0,0,0,0,0,0,0,0,0,0]} 1. e4 {[%cal Be2e4,Be4e5][%mdl 32]} d6 2. d4 g6 3. Nc3 Bg7 4. f4 c6 5. Nf3 b5 6. e5 {B06: Modern Defence} (6. Bd3 Qb6 7. e5 Nh6 8. Ne4 O-O 9. O-O Bg4 10. c3 dxe5 11. fxe5 Nd7 12. Nf2 Be6 13. Ng5 Bd5 14. Be4 Bxe4 15. Ngxe4 {1-0 (32) Anand,V (2782)-Fedoseev,V (2718) Riadh 2017}) 6... d5 7. Bd3 h5 8. Be3 $146 {White is better.} ({Predecessor:} 8. O-O Nh6 9. Ne2 Bg4 10. a4 b4 11. a5 Nd7 12. Be3 Rb8 13. Nc1 Nf5 {0-1 (38) Bernard,J (2204)-Roos,L (2338) Charleville Mezieres 2014}) 8... Nh6 9. Qd2 Bf5 10. a4 b4 11. Nd1 a5 12. Bf2 Bxd3 13. cxd3 e6 (13... Na6 $11) 14. b3 Bf8 15. Rc1 Be7 16. O-O Ra6 17. Ne3 Nf5 18. Nxf5 gxf5 19. Rc2 Kd7 20. Ng5 Bxg5 21. fxg5 Kc7 22. Be3 (22. h4 $14) 22... Nd7 (22... h4 $1 $11) 23. h3 Qg8 24. g3 (24. h4 $1 $14) 24... Qg6 (24... h4 $11) 25. Kg2 (25. h4 $14) 25... Kb7 (25... h4 $11) 26. Rcc1 (26. h4 $1 $14) 26... Rh7 (26... h4 $11) 27. Qe2 (27. h4 $14) 27... Kc7 (27... h4 $11) 28. Rh1 Rh8 29. Bf4 (29. h4 $14) 29... Raa8 (29... h4 $11) 30. Kf3 (30. h4 $14) 30... Rhg8 ({Black should try} 30... h4 $1 $11) 31. Ke3 Rh8 32. g4 (32. h4 $14) 32... hxg4 $11 {The position is equal.} 33. hxg4 fxg4 {White must now prevent ...Qf5.} 34. Qxg4 ({Wrong is} 34. Qc2 $2 {[#]} c5 $1 $19 {[%mdl 512]}) 34... Qg7 35. Qe2 Rxh1 36. Rxh1 Rh8 37. Rh6 $1 Nf8 38. Kd2 Ng6 39. Qh2 Kd7 40. Be3 Qf8 41. Kc1 Rg8 42. Qc2 Rh8 43. Kb1 Kc7 44. Qf2 Qe7 45. Qh2 Qf8 46. Qh1 Kd7 47. Qh2 Qe8 48. Qc2 Qf8 49. Qh2 Qe8 50. Qf2 Qe7 51. Qh2 Qe8 52. Qc2 Qf8 53. Qh2 {Accuracy: White = 45%, Black = 50%.} 1/2-1/2

[Event "13th Agzamov Memorial 2019"]
[Site "Tashkent"]
[Date "2019.03.13"]
[Round "3.7"]
[White "Barsov, Alexei"]
[Black "Kotanjian, Tigran"]
[Result "1/2-1/2"]
[WhiteElo "2380"]
[BlackElo "2482"]
[Annotator "TA"]
[PlyCount "27"]
[EventDate "2019.03.12"]
[EventType "swiss"]
[EventCountry "UZB"]
[SourceTitle "playchess.com"]
[Source "ChessBase"]
[SourceQuality "1"]

{[%evp 25,27,-5,0,0]} 1. Nf3 Nf6 2. d4 d5 3. c4 e6 4. Nc3 Be7 5. cxd5 exd5 6. Bg5 c6 7. Qc2 g6 8. e3 Bf5 9. Bd3 Bxd3 10. Qxd3 Nbd7 11. Bh6 Bf8 12. Bg5 $146 ({Predecessor:} 12. Bxf8 Kxf8 13. O-O Qe7 14. b4 a6 15. a3 Kg7 16. Na4 Ne4 17. Nd2 Nxd2 18. Qxd2 b5 19. Nb2 {½-½ (21) Illescas Cordoba,M (2599)-Korneev,O (2606) Lanzarote 2003}) 12... Be7 13. Bh6 Bf8 14. Bg5 {D36: Queen's Gambit Declined: Exchange Variation: Main line (5 Bg5 c6 6 Qc2)} 1/2-1/2